000 00724nam a2200241Ia 4500
003 OSt
005 20220925194912.0
006 a|||||r|||| 00| 0
007 ta
008 220923b |||||||| |||| 00| 0 eng d
037 _cGeneral Book
040 _aRTL
_cRTL
_beng
041 _2eng
_aeng
082 _aX48:45.298.N51t, J1
110 _aPORT OF COLOMBA, HANDLING OF SHIPS (Committee on-)
_9252678
245 0 _aReport
260 _aCeylon
_bGovt. Publications Bureau
_c1951
300 _a12p
_ccm.
500 _aSeasional paper xxv-1951
700 _aPORT OF COLOMBA, HANDLING OF SHIPS (Committee on-)
_9252679
942 _hX48:45.298.N51t, J1
_cGB
_2CC
999 _c531139
_d531139